Babymonster's songs A-Z - Statistiques

Statistiques générales
  • Ce quiz a été pris 68 fois
  • Le résultat moyen est 27 sur 31
Statistiques - réponses
Hint Réponse % Correct
A -
100%
E -
100%
I -
100%
J -
100%
K -
100%
N -
100%
O -
100%
Q -
100%
T -
100%
U -
100%
V -
100%
B Batter up
90%
Drip
90%
P Psycho
90%
W We go up
90%
H Hot sauce
88%
Billionaire
85%
Supa dupa luv
85%
C Click clack
83%
F Forever
83%
Like that
83%
S Stuck in the middle
83%
R Really like you
81%
Sheesh
81%
D Dream
79%
Wild
79%
L Love in my heart
77%
Love maybe
77%
G Ghost
75%
M Monsters
71%
Woke up in Tokyo
67%
Aucun quiz correspondant
Distribution des résultats
% des personnes avec chaque résultat
Percentile par nombre de réponses
Votre historique - résultats
Vous n’avez pas pris ce quiz